000 00665nam a2200205Ia 4500
005 20260121110120.0
008 008 260114s9999 xx 000 0 hin d
020 _a9788132358541
037 _aEBOOK
040 _aCRL
_bhin
_cCRL
041 _ahin
_2hin
084 _qCRL
100 _aराजवंश यादव / Rajvansh Yadav
_9942222
245 0 _aब्रिटेन के प्रमुख शासक / Briṭen ke Pramukh Shasak
260 _bभाषा प्रकाशन / Bhasha Prakashan
_c2021
856 _uhttps://bhashaprakashan.com/product-details/378996
942 _cEBOOK
999 _c1533887
_d1533887